Catálogo - Centro de Recursos para el Aprendizaje y la Investigación
Volver al Sitio - CRAI Biblioteca| 000 -CABECERA | |
|---|---|
| campo de control de longitud fija | 03273nam a2200289Ia 4500 |
| 001 - NÚMERO DE CONTROL | |
| campo de control | 0 |
| 003 - IDENTIFICADOR DEL NÚMERO DE CONTROL | |
| campo de control | DR-UNIBE |
| 005 - FECHA Y HORA DE LA ÚLTIMA TRANSACCIÓN | |
| campo de control | 20251124113602.0 |
| 008 - DATOS DE LONGITUD FIJA--INFORMACIÓN GENERAL | |
| campo de control de longitud fija | 251124b2005 dr ||||| |||| 00| 0 spa d |
| 020 ## - NÚMERO INTERNACIONAL ESTÁNDAR DEL LIBRO | |
| Número Internacional Estándar del Libro | 9993495301 (volumen 2) |
| 040 ## - FUENTE DE LA CATALOGACIÓN | |
| Centro catalogador/agencia de origen | BIBLIOTECA UNIBE |
| Centro/agencia transcriptor | BIBLIOTECA UNIBE |
| Lengua de catalogación | spa |
| 041 ## - CÓDIGO DE LENGUA | |
| Código de lengua del texto/banda sonora o título independiente | spa |
| 082 0# - NÚMERO DE LA CLASIFICACIÓN DECIMAL DEWEY | |
| Número de clasificación | RD 342.7293 J82d 2005 |
| 100 1# - ENTRADA PRINCIPAL--NOMBRE DE PERSONA | |
| Nombre de persona | Jorge Prats, Eduardo, |
| 9 (RLIN) | 8540 |
| Fechas asociadas al nombre | 1964- |
| Término indicativo de función/relación | autor |
| 245 10 - MENCIÓN DE TÍTULO | |
| Título | Derecho constitucional. Volumen 2 / |
| Mención de responsabilidad, etc. | Eduardo Jorge Prats |
| 250 ## - MENCIÓN DE EDICIÓN | |
| Mención de edición | Primera edición |
| 260 ## - PUBLICACIÓN, DISTRIBUCIÓN, ETC. | |
| Lugar de publicación, distribución, etc. | Santo Domingo : |
| Nombre del editor, distribuidor, etc. | Gaceta Judicial, |
| Fecha de publicación, distribución, etc. | 2005 |
| 300 ## - DESCRIPCIÓN FÍSICA | |
| Extensión | volúmenes |
| 490 ## - MENCIÓN DE SERIE | |
| Mención de serie | Gaceta Judicial. Colección Manuales |
| 505 0# - NOTA DE CONTENIDO CON FORMATO | |
| Nota de contenido con formato | Dedicatoria |<br/>Prólogo |<br/>PARTE VI: LA ORGANIZACIÓN DE LA LIBERTAD |<br/>Capítulo 25. El sistema de los derechos fundamentales |<br/>Capítulo 26. El derecho a la igualdad |<br/>Capítulo 27. Los derechos constitutivos de la personalidad |<br/>Capítulo 28. Los derechos de la comunicación física, intelectual y social |<br/>Capítulo 29. Los derechos sociales |<br/>Capítulo 30. El debido proceso |<br/>Capítulo 31. La protección de los derechos fundamentales |<br/>Capítulo 32. Los deberes fundamentales |<br/>PARTE VII: LA ORGANIZACIÓN DEL PODER |<br/>Capítulo 33. El poder electoral |<br/>Capítulo 34. La separación de poderes |<br/>Capítulo 35. El poder legislativo |<br/>Capítulo 36. El poder ejecutivo |<br/>Capítulo 37. El poder judicial |<br/>PARTE VIII: CONSTITUCIÓN Y SOCIEDAD |<br/>Capítulo 38. La constitucionalización de la sociedad |<br/>Capítulo 39. La constitución económica |<br/>Capítulo 40. La constitución cultural |<br/>Capítulo 41. La constitución ambiental |<br/>Capítulo 42. La constitucionalización del derecho |<br/>PARTE IX. LA ESTRUCTURA TERRITORIAL DEL ESTADO |<br/>Capítulo 43. Las formas de Estado ♀4<br/>Capítulo 44. La autonomía municipal |<br/>PARTE X: LA DEFENSA DE LA CONSTITUCIÓN |<br/>Capítulo 45. La defensa de la Constitución |<br/>Capítulo 46. El estado de excepción |<br/>Capítulo 47. La reforma constitucional |
| 520 3# - SUMARIO, ETC. | |
| Sumario, etc. | Esta obra parte del presupuesto de que el Derecho Constitucional permite la crítica del Derecho desde el Derecho mismo porque la Constitución, sobre todo, contiene normas que rigen la producción de normas, tanto a nivel formal o procesal como a nivel sustancial o de contenido. De ahí que el libro toma la Constitución en serio y no es permeado por el escepticismo de quienes invalidan la Constitución a partir de prácticas políticas o sociales. El Derecho Constitucional debe construir puentes entre la normatividad y la facticidad que acerquen las prácticas de instituciones, autoridades y ciudadanos a los preceptos constitucionales y que permitan revisar estos preceptos a la luz de estas prácticas. La obra del profesor Eduardo Jorge Prats, en dos volúmenes, permite al lector aproximarse no solo al Derecho Constitucional dominicano sino, en sentido general, a la Teoría de la Constitución y al Derecho Constitucional comparado que le sirve de sustento, pudiendo orientar así la labor de jueces y demás operadores del ordenamiento jurídico-constitucional. |
| 650 #7 - PUNTO DE ACCESO ADICIONAL DE MATERIA--TÉRMINO DE MATERIA | |
| Término de materia o nombre geográfico como elemento de entrada | Derecho constitucional |
| 9 (RLIN) | 5528 |
| Fuente del encabezamiento o término | lemb |
| 651 #7 - PUNTO DE ACCESO ADICIONAL DE MATERIA--NOMBRE GEOGRÁFICO | |
| Nombre geográfico | República Dominicana |
| Subdivisión general | Derecho constitucional |
| 9 (RLIN) | 5535 |
| Fuente del encabezamiento o término | lemb |
| 655 #7 - TÉRMINO DE INDIZACIÓN--GÉNERO/FORMA | |
| Fuente del término | lemb |
| Datos o término principal de género/forma | Manuales |
| 9 (RLIN) | 194534 |
| 951 ## - EQUIVALENCIA O REFERENCIA-CRUZADA--NOMBRE GEOGRÁFICO/NOMBRE DE ÁREA [OBSOLETO] [solamente CAN/MARC] | |
| Nombre geográfico | 20101116 07:27:11 |
| 942 ## - ELEMENTOS DE PUNTO DE ACCESO ADICIONAL (KOHA) | |
| Tipo de ítem Koha | Libro (general) |
| Fuente del sistema de clasificación o colocación | Sistema de Clasificación Decimal Dewey |
| Estado de retiro | Estado de pérdida | Fuente del sistema de clasificación o colocación | No para préstamo | Código de colección | Localización permanente | Fecha de adquisición | Total de préstamos | Signatura topográfica completa | Código de barras | Fecha visto por última vez | Número de copia | Precio válido a partir de | Tipo de ítem Koha |
|---|---|---|---|---|---|---|---|---|---|---|---|---|---|
| Disponible | Sistema de Clasificación Decimal Dewey | General - Libros dominicanos | Biblioteca Central UNIBE | 24/09/2025 | RD 342.7293 J82d_2005 | 251100 | 24/11/2025 | Vol. 2, Ej. 1 | 24/11/2025 | Libro (general) |